[Event "MNT-chTA"]
[Site "Cetinje"]
[Date "2012.09.07"]
[Round "1"]
[White "Vujosevic, Milos"]
[Black "Prijovic, Bojan"]
[Result "1-0"]
[WhiteElo "1916"]
[BlackElo "2019"]
[PlyCount "114"]
[EventDate "2012.09.07"]
[EventType "team-tourn"]
[EventRounds "9"]
[EventCountry "MNE"]
[SourceTitle "CBM 150 Extra"]
[Source "ChessBase"]
[SourceDate "2012.10.19"]
[SourceVersion "1"]
[SourceVersionDate "2012.10.19"]
[SourceQuality "1"]

1. e4 c6 2. Nc3 d5 3. d4 dxe4 4. Nxe4 Bf5 5. Ng3 Bg6 6. N1e2 e6 7. Nf4 Bd6 8. h4 Ne7 9. Bc4 Nd5 10. Bxd5 Bxf4 11. Bxf4 Qxd5 12. 0-0 0-0 13. h5 Bf5 14. h6 g6 15. b3 Rd8 16. Be5 Nd7 17. c4 Qa5 18. Bg7 f6 19. Qe2 Re8 20. Rad1 Kf7 21. Rfe1 Qc3 22. Ne4 Bxe4 23. Qxe4 Qa5 24. Qf4 Rad8 25. Re3 g5 26. Qg3 Kg6 27. Rde1 Qf5 28. Qc7 b6 29. Qxc6 Nb8 30. Qa4 Nd7 31. Qxa7 g4 32. Qc7 e5 33. Qc6 Re6 34. Qe4 Qxe4 35. Rxe4 f5 36. R4e2 e4 37. f3 Rde8 38. fxe4 fxe4 39. Rf2 Kg5 40. Re3 Nb8 41. d5 Rg6 42. b4 Na6 43. a3 Nc7 44. g3 b5 45. Rf4 bxc4 46. Rexe4 Rxe4 47. Rxe4 Ra6 48. Rxc4 Nxd5 49. Rc5 Rd6 50. b5 Kf5 51. a4 Ke4 52. Kf2 Rd7 53. Rc4+ Kf5 54. a5 Rb7 55. Rc5 Ke4 56. a6 Rf7+ 57. Ke2 Re7 1-0

[Event "Podgorica op"]
[Site "Podgorica"]
[Date "2010.12.15"]
[Round "6"]
[White "Abramovic, Dragoljub"]
[Black "Vujosevic, Milos"]
[Result "1-0"]
[WhiteElo "2138"]
[BlackElo "1937"]
[PlyCount "81"]
[EventDate "2010.12.11"]
[EventType "swiss"]
[EventRounds "9"]
[EventCountry "MNE"]
[SourceTitle "CBM 139 Extra"]
[Source "ChessBase"]
[SourceDate "2011.01.05"]
[SourceVersion "1"]
[SourceVersionDate "2011.01.05"]
[SourceQuality "1"]

1. d4 Nf6 2. c4 g6 3. Nc3 Bg7 4. e4 d6 5. Bd3 c6 6. Nge2 e5 7. d5 c5 8. a3 0-0 9. 0-0 Nbd7 10. b4 Nh5 11. g3 a6 12. Rb1 f5 13. exf5 gxf5 14. f3 b6 15. Qc2 Nb8 16. bxc5 bxc5 17. Na4 Bd7 18. Nb6 Ra7 19. Nxd7 Qxd7 20. Bxf5 Qxf5 21. Qxf5 Rxf5 22. Rxb8+ Rf8 23. Rb6 Rf6 24. Nc3 Raf7 25. Kg2 Rg6 26. Ne4 Nf4+ 27. Bxf4 exf4 28. Rxd6 Be5 29. Rxg6+ hxg6 30. Nxc5 fxg3 31. hxg3 Rc7 32. Nd3 Bd6 33. c5 Bxc5 34. Rc1 Bd6 35. Rxc7 Bxc7 36. f4 Kf7 37. Kf3 a5 38. a4 Kf6 39. Nc5 g5 40. fxg5+ Ke5 41. g6 1-0

[Event "Podgorica op"]
[Site "Podgorica"]
[Date "2010.12.12"]
[Round "2"]
[White "Perovic, Rade"]
[Black "Vujosevic, Milos"]
[Result "1/2-1/2"]
[WhiteElo "1880"]
[BlackElo "1937"]
[PlyCount "125"]
[EventDate "2010.12.11"]
[EventType "swiss"]
[EventRounds "9"]
[EventCountry "MNE"]
[SourceTitle "CBM 139 Extra"]
[Source "ChessBase"]
[SourceDate "2011.01.05"]
[SourceVersion "1"]
[SourceVersionDate "2011.01.05"]
[SourceQuality "1"]

1. d4 Nf6 2. Bg5 d6 3. Bxf6 exf6 4. c4 g6 5. Nc3 Bg7 6. Nf3 c6 7. g3 0-0 8. Bg2 Na6 9. 0-0 Re8 10. Re1 Nc7 11. Rc1 Bd7 12. Qb3 Rb8 13. Qa3 Be6 14. Ne4 d5 15. cxd5 Nb5 16. Qa4 Bxd5 17. Ned2 f5 18. e3 a6 19. Qc2 Nd6 20. b3 b5 21. Nh4 Ne4 22. Nb1 Bf6 23. Nf3 Rc8 24. b4 a5 25. a3 axb4 26. axb4 Qe7 27. Qb2 Ra8 28. Nc3 Ra6 29. Nxd5 cxd5 30. Ra1 Rea8 31. Rxa6 Rxa6 32. Rb1 Ra4 33. Ne1 Qa7 34. Qc2 Ra2 35. Qc8+ Kg7 36. Nd3 Ra1 37. Qc1 Ra2 38. Bxe4 dxe4 39. Nf4 Qa4 40. Qc7 Qc2 41. Qxc2 Rxc2 42. Nd5 g5 43. Rb3 h5 44. Nc3 Be7 45. Nxb5 Rc4 46. Nc3 Rxb4 47. Rxb4 Bxb4 48. Nd5 Bd6 49. Kg2 f6 50. Kf1 Kf7 51. Ke2 Ke6 52. Nb6 f4 53. gxf4 gxf4 54. exf4 Bxf4 55. h3 Kd6 56. f3 f5 57. Nc4+ Kd5 58. Ne3+ Bxe3 59. Kxe3 exf3 60. Kxf3 Kxd4 61. Kf4 h4 62. Kxf5 Kd5 63. Kf6 1/2-1/2

[Event "Podgorica op"]
[Site "Podgorica"]
[Date "2010.12.12"]
[Round "3"]
[White "Vujosevic, Milos"]
[Black "Draganic, Veljko"]
[Result "1/2-1/2"]
[WhiteElo "1937"]
[BlackElo "2307"]
[PlyCount "55"]
[EventDate "2010.12.11"]
[EventType "swiss"]
[EventRounds "9"]
[EventCountry "MNE"]
[SourceTitle "CBM 139 Extra"]
[Source "ChessBase"]
[SourceDate "2011.01.05"]
[SourceVersion "1"]
[SourceVersionDate "2011.01.05"]
[SourceQuality "1"]

1. e4 e6 2. Nc3 d5 3. exd5 exd5 4. d4 Nc6 5. h3 Bb4 6. Nf3 Nge7 7. a3 Bxc3+ 8. bxc3 0-0 9. Bd3 Bf5 10. 0-0 Re8 11. Bf4 Be4 12. Re1 Ng6 13. Bh2 Qd7 14. c4 Na5 15. cxd5 Bxd5 16. Ne5 Nxe5 17. dxe5 Rad8 18. Qh5 g6 19. Qg5 Qe7 20. Qf4 c5 21. Bg3 Qf8 22. Bh4 Rc8 23. Rad1 Be6 24. Bg5 Nc6 25. Bh6 Qe7 26. Bg5 Qf8 27. Bh6 Qe7 28. Bg5 1/2-1/2

[Event "Podgorica op"]
[Site "Podgorica"]
[Date "2010.12.11"]
[Round "1"]
[White "Vujosevic, Milos"]
[Black "Kontic, Djordjije"]
[Result "1/2-1/2"]
[WhiteElo "1937"]
[BlackElo "2348"]
[PlyCount "109"]
[EventDate "2010.12.11"]
[EventType "swiss"]
[EventRounds "9"]
[EventCountry "MNE"]
[SourceTitle "CBM 139 Extra"]
[Source "ChessBase"]
[SourceDate "2011.01.05"]
[SourceVersion "1"]
[SourceVersionDate "2011.01.05"]
[SourceQuality "1"]

1. e4 c5 2. Nc3 e6 3. f4 Nc6 4. g3 d5 5. Bg2 Nf6 6. e5 Nd7 7. Nf3 Be7 8. d3 0-0 9. 0-0 f6 10. Qe2 fxe5 11. fxe5 Rf5 12. Bh3 Nd4 13. Nxd4 Rxf1+ 14. Qxf1 cxd4 15. Bxe6+ Kh8 16. Bxd7 Bxd7 17. Ne2 Qa5 18. Nxd4 Rf8 19. Qe2 Qb6 20. c3 Bh3 21. Be3 Qg6 22. Re1 h5 23. Qd2 h4 24. Bf4 Bc5 25. Kh1 Qh5 26. Qe3 g5 27. Bxg5 Bxd4 28. cxd4 Rf3 29. Bf6+ Kg8 30. Qg5+ Qxg5 31. Bxg5 hxg3 32. hxg3 Kf7 33. Kh2 Bf5 34. Re2 Kg6 35. e6 Kxg5 36. e7 Bd7 37. e8Q Bxe8 38. Rxe8 Rxd3 39. Re5+ Kg4 40. Rxd5 Rd2+ 41. Kg1 Rxb2 42. a4 Kxg3 43. Rg5+ Kf4 44. Re5 Rb4 45. Re7 a5 46. d5 b6 47. Re6 Kf3 48. Kh2 Kf4 49. Kg2 b5 50. axb5 Rxb5 51. d6 Rd5 52. Kf2 a4 53. Rh6 Ke5 54. Rh4 a3 55. Ra4 1/2-1/2

[Event "Podgorica Zeta CC-ch 12th"]
[Site "Podgorica"]
[Date "2010.01.24"]
[Round "5"]
[White "Vujosevic, Milos"]
[Black "Jeknic, Velimir"]
[Result "1/2-1/2"]
[WhiteElo "1986"]
[BlackElo "1878"]
[PlyCount "114"]
[EventDate "2010.01.20"]
[EventType "tourn"]
[EventRounds "9"]
[EventCountry "MNE"]
[SourceTitle "EXT 2012"]
[Source "ChessBase"]
[SourceDate "2011.11.24"]
[SourceVersion "1"]
[SourceVersionDate "2011.11.24"]
[SourceQuality "1"]

1. e4 e6 2. d4 d5 3. exd5 exd5 4. Nf3 Nf6 5. h3 Bd6 6. Bd3 0-0 7. 0-0 Ne4 8. c4 c6 9. Nc3 Bf5 10. Qc2 Re8 11. Re1 Bg6 12. Nxe4 dxe4 13. Bxe4 Bb4 14. Re2 Nd7 15. Bxg6 hxg6 16. Be3 Nf6 17. a3 Bd6 18. Rae1 Qd7 19. Bd2 Rxe2 20. Rxe2 Re8 21. Bc3 Nh5 22. Rxe8+ Qxe8 23. Ne5 Qe6 24. Qe2 f6 25. Qg4 Qxg4 26. Nxg4 Nf4 27. Kf1 Kf7 28. Ne3 Ke6 29. Ke1 b6 30. Kd2 a6 31. h4 f5 32. d5+ cxd5 33. cxd5+ Kf7 34. Bd4 b5 35. g3 Nh3 36. Ng2 g5 37. hxg5 Nxg5 38. Nh4 g6 39. Ke3 Ne4 40. Nf3 g5 41. Ne5+ Bxe5 42. Bxe5 Nc5 43. Bd4 Nd7 44. f3 Ke7 45. g4 Kd6 46. gxf5 Kxd5 47. Kd3 a5 48. b3 Nb8 49. Bf6 Nc6 50. Bxg5 Nd4 51. a4 Nxf3 52. Bf6 bxa4 53. bxa4 Ne1+ 54. Kc3 Ke4 55. Kc4 Kxf5 56. Bc3 Ke6 57. Kb5 Nd3 1/2-1/2

[Event "Podgorica Buducnost op 4th"]
[Site "Podgorica"]
[Date "2009.12.13"]
[Round "6"]
[White "Vujosevic, Milos"]
[Black "Stamatovic, Vladimir"]
[Result "1-0"]
[WhiteElo "2005"]
[BlackElo "1904"]
[PlyCount "63"]
[EventDate "2009.12.10"]
[EventType "swiss"]
[EventRounds "7"]
[EventCountry "MNE"]
[SourceTitle "EXT 2019"]
[Source "ChessBase"]
[SourceDate "2018.10.10"]
[SourceVersion "1"]
[SourceVersionDate "2018.10.10"]
[SourceQuality "1"]

1. e4 c6 2. Nc3 d5 3. d4 dxe4 4. Nxe4 Bf5 5. Ng3 Bg6 6. N1e2 f6 7. c4 e5 8. Be3 Na6 9. a3 Qc7 10. Nc3 Rd8 11. d5 f5 12. Bg5 Nf6 13. Be2 Be7 14. Bxf6 gxf6 15. 0-0 Nc5 16. Bh5 0-0 17. Bxg6 hxg6 18. b4 Ne6 19. Qa4 Nd4 20. dxc6 bxc6 21. Nge2 Kg7 22. Nxd4 exd4 23. Ne2 Rh8 24. g3 g5 25. Qd1 d3 26. Nc3 Rh3 27. Qf3 Rdh8 28. Qxd3 Bd6 29. Ne2 f4 30. Rad1 Be5 31. Nd4 Rxh2 32. Ne6+ 1-0

[Event "Podgorica Buducnost op 4th"]
[Site "Podgorica"]
[Date "2009.12.11"]
[Round "2"]
[White "Vujosevic, Milos"]
[Black "Milovic, Jovan"]
[Result "0-1"]
[WhiteElo "2005"]
[BlackElo "2290"]
[PlyCount "70"]
[EventDate "2009.12.10"]
[EventType "swiss"]
[EventRounds "7"]
[EventCountry "MNE"]
[SourceTitle "EXT 2019"]
[Source "ChessBase"]
[SourceDate "2018.10.10"]
[SourceVersion "1"]
[SourceVersionDate "2018.10.10"]
[SourceQuality "1"]

1. e4 c5 2. Nc3 Nc6 3. g3 g6 4. Bg2 Bg7 5. f4 Rb8 6. Nf3 b5 7. d3 b4 8. Ne2 e6 9. 0-0 d5 10. e5 Nge7 11. g4 h5 12. h3 hxg4 13. hxg4 Qb6 14. Be3 d4 15. Bf2 Nd5 16. Qd2 a5 17. Ng3 Na7 18. Rae1 Nb5 19. Ne4 a4 20. f5 gxf5 21. Qg5 Bh6 22. Nf6+ Kf8 23. Nxd5 exd5 24. Qh5 fxg4 25. Ng5 Be6 26. Nxf7 Bxf7 27. Qxg4 Rg8 28. Qh3 Kg7 29. Bh4 Be6 30. Bf6+ Kh7 31. Qh4 Rg6 32. Kh1 Rbg8 33. Bh3 Nc7 34. Rg1 Bxh3 35. Qxh3 Qe6 0-1

[Event "Podgorica Buducnost op 4th"]
[Site "Podgorica"]
[Date "2009.12.10"]
[Round "1"]
[White "Radonjic, Milan"]
[Black "Vujosevic, Milos"]
[Result "1/2-1/2"]
[WhiteElo "1640"]
[BlackElo "2005"]
[PlyCount "108"]
[EventDate "2009.12.10"]
[EventType "swiss"]
[EventRounds "7"]
[EventCountry "MNE"]
[SourceTitle "EXT 2019"]
[Source "ChessBase"]
[SourceDate "2018.10.10"]
[SourceVersion "1"]
[SourceVersionDate "2018.10.10"]
[SourceQuality "1"]

1. d4 Nf6 2. c4 g6 3. Nc3 Bg7 4. e4 d6 5. Nf3 0-0 6. Be2 c6 7. 0-0 a6 8. a4 Nbd7 9. Bg5 Qc7 10. Qd2 e5 11. Bxf6 Nxf6 12. d5 c5 13. Ne1 Bd7 14. Nd3 Rab8 15. b4 cxb4 16. Nxb4 Qc5 17. Nc2 Rfc8 18. Qe3 Qa5 19. Qd3 h5 20. Ne3 Bh6 21. h3 Qd8 22. Kh2 Nh7 23. g4 Bf4+ 24. Kg2 Qh4 25. Rh1 Ng5 26. Nf1 Kh8 27. Nh2 Rg8 28. Nf3 Nxf3 29. Bxf3 Kg7 30. Ne2 hxg4 31. hxg4 Qg5 32. Nxf4 exf4 33. Qe2 Qe5 34. Rhb1 Rh8 35. Qb2 Qxb2 36. Rxb2 Rh4 37. Rh1 Rxh1 38. Kxh1 Bxa4 39. Rb6 Bc2 40. Rxd6 b5 41. Rxa6 bxc4 42. Rc6 Bd3 43. e5 Kf8 44. d6 Ke8 45. Bd5 Rb1+ 46. Kg2 Rb5 47. Rc8+ Kd7 48. Rc7+ Kd8 49. Bc6 Rxe5 50. Rb7 Be4+ 51. Bxe4 Rxe4 52. Rxf7 Rd4 53. Rc7 Rxd6 54. Rxc4 g5 1/2-1/2

[Event "Podgorica Zeta CC-ch 10th"]
[Site "Podgorica"]
[Date "2009.05.03"]
[Round "6"]
[White "Vujosevic, Milos"]
[Black "Karisik, Nenad"]
[Result "0-1"]
[WhiteElo "2026"]
[BlackElo "2053"]
[PlyCount "54"]
[EventDate "2009.04.30"]
[EventType "swiss"]
[EventRounds "7"]
[EventCountry "MNE"]
[SourceTitle "EXT 2020"]
[Source "ChessBase"]
[SourceDate "2019.10.17"]
[SourceVersion "1"]
[SourceVersionDate "2019.10.17"]
[SourceQuality "1"]

1. e4 c5 2. Nc3 d6 3. g3 Nf6 4. Bg2 g6 5. d3 Bg7 6. f4 Nc6 7. Nf3 0-0 8. 0-0 Rb8 9. h3 b5 10. g4 e6 11. Be3 Nd7 12. Rb1 Nd4 13. Ne2 Nxf3+ 14. Bxf3 Bb7 15. Qe1 d5 16. e5 f6 17. exf6 Bxf6 18. g5 Bg7 19. d4 b4 20. Bg4 Re8 21. c3 Qe7 22. dxc5 bxc3 23. bxc3 Nxc5 24. Bd4 e5 25. fxe5 Bxe5 26. Bxe5 Qxe5 27. Qf2 Qe7 0-1

[Event "MNT-chT1"]
[Site "Podgorica"]
[Date "2008.11.16"]
[Round "9"]
[White "Vujosevic, Milos"]
[Black "Grdinic, Petar"]
[Result "1/2-1/2"]
[WhiteElo "2096"]
[BlackElo "1907"]
[PlyCount "20"]
[EventDate "2008.09.07"]
[EventType "team-tourn"]
[EventRounds "9"]
[EventCountry "MNE"]
[SourceTitle "EXT 2010"]
[Source "ChessBase"]
[SourceDate "2010.11.25"]
[SourceVersion "1"]
[SourceVersionDate "2010.11.25"]
[SourceQuality "1"]

1. e4 d5 2. exd5 Qxd5 3. d4 Qd8 4. Nf3 Nf6 5. h3 e6 6. Bd3 c6 7. 0-0 Be7 8. c4 0-0 9. Nc3 Nbd7 10. Re1 Re8 1/2-1/2

[Event "Podgorica Zeta CC-ch"]
[Site "Podgorica"]
[Date "2007.12.09"]
[Round "8"]
[White "Vujosevic, Milos"]
[Black "Darmanovic, Srdjan"]
[Result "0-1"]
[WhiteElo "2123"]
[BlackElo "2199"]
[PlyCount "100"]
[EventDate "2007.12.02"]
[EventType "tourn"]
[EventRounds "11"]
[EventCountry "MNE"]
[SourceTitle "EXT 2020"]
[Source "ChessBase"]
[SourceDate "2019.10.17"]
[SourceVersion "1"]
[SourceVersionDate "2019.10.17"]
[SourceQuality "1"]

1. e4 c6 2. Nc3 d5 3. d4 dxe4 4. Nxe4 Bf5 5. Ng3 Bg6 6. Nf3 Nd7 7. Bd3 Ngf6 8. 0-0 e6 9. Re1 Be7 10. h3 0-0 11. Bxg6 hxg6 12. c4 b5 13. b3 bxc4 14. bxc4 c5 15. Ne5 cxd4 16. Nc6 Qe8 17. Nxe7+ Qxe7 18. a4 Nc5 19. Ba3 Rfd8 20. Re5 Rac8 21. Rb1 a6 22. Qd2 Qa7 23. Qa5 Nfd7 24. Ne4 Nxe4 25. Rxe4 Nf6 26. Re5 Qc7 27. Qxc7 Rxc7 28. Rc5 Rxc5 29. Bxc5 Ne4 30. Bb6 Rb8 31. a5 e5 32. Re1 Nc3 33. Rxe5 d3 34. Be3 Rd8 35. c5 d2 36. Bxd2 Rxd2 37. Re8+ Kh7 38. Ra8 Rd7 39. Rxa6 Rc7 40. c6 Nd5 41. Kf1 f6 42. Ke2 Ne7 43. Rb6 Nxc6 44. a6 Ne5 45. Rb7 Rc2+ 46. Ke3 Ra2 47. a7 Nc6 48. h4 Rxa7 49. Rb3 Ra4 50. g3 Ne5 0-1

[Event "Podgorica Zeta CC-ch"]
[Site "Podgorica"]
[Date "2007.12.07"]
[Round "6"]
[White "Vujosevic, Milos"]
[Black "Stamatovic, Vladimir"]
[Result "1/2-1/2"]
[WhiteElo "2123"]
[BlackElo "2075"]
[PlyCount "151"]
[EventDate "2007.12.02"]
[EventType "tourn"]
[EventRounds "11"]
[EventCountry "MNE"]
[SourceTitle "EXT 2020"]
[Source "ChessBase"]
[SourceDate "2019.10.17"]
[SourceVersion "1"]
[SourceVersionDate "2019.10.17"]
[SourceQuality "1"]

1. e4 e5 2. Nf3 Nc6 3. Bb5 Bc5 4. 0-0 Nge7 5. c3 d5 6. Nxe5 dxe4 7. Nxf7 Qd5 8. Nxh8 Be6 9. d4 exd3 10. Qxd3 0-0-0 11. Qxd5 Bxd5 12. Be3 Bd6 13. Nd2 Ne5 14. c4 Bc6 15. Bxc6 N7xc6 16. Ne4 Be7 17. Rad1 Rxh8 18. b3 b6 19. Rd5 h6 20. h3 g5 21. f4 gxf4 22. Bxf4 Ng6 23. Bg3 h5 24. Be1 h4 25. Bc3 Re8 26. Nf6 Rf8 27. Rdf5 Bc5+ 28. Kh1 Nge7 29. R5f3 Ng6 30. Ng4 Rd8 31. Rf6 Nce7 32. Ne5 Nxe5 33. Bxe5 Rd2 34. a4 Re2 35. Bc3 a5 36. Re1 Rc2 37. Rf3 Nf5 38. Rxf5 Rxc3 39. Rf3 Rc2 40. Ref1 Bd6 41. R3f2 Rc3 42. Rb1 Kd7 43. Re2 Kc6 44. g4 Rxh3+ 45. Kg1 Bc5+ 46. Kg2 Rg3+ 47. Kh2 Rxg4 48. Rg2 Re4 49. Kh3 Be7 50. Rd2 Re3+ 51. Kg2 Rg3+ 52. Kh2 Bd6 53. Rd5 Rc3+ 54. Kh1 h3 55. Rh5 Re3 56. Rf5 Kd7 57. Rff1 Kc6 58. Rfe1 Rxe1+ 59. Rxe1 h2 60. Kg2 Kc5 61. Re3 Kb4 62. Rh3 Ka3 63. Kh1 Kb2 64. Rd3 Be5 65. Rd5 Bd6 66. Rd3 Bb4 67. Kxh2 Bc3 68. c5 bxc5 69. Kg2 Kxb3 70. Kf3 Kb4 71. Ke4 Bd4 72. Kd5 Kxa4 73. Kc4 Bb2 74. Kxc5 Be5 75. Kc4 Bd6 76. Rb3 1/2-1/2